Agrarökologie /
Guardado en:
| Autor Principal: | |
|---|---|
| Formato: | Libro |
| Idioma: | German |
| Publicado: |
Jena :
Fischer,
1965.
|
| Etiquetas: |
Agregar Etiqueta
Sin Etiquetas, Sea el primero en etiquetar este registro!
|
| LEADER | 00464nam a22001455a 4500 | ||
|---|---|---|---|
| 001 | EEA.libagro000839 | ||
| 008 | 130809s1965####gw#a#####b####000#0#ger#d | ||
| 005 | 20220503131200.0 | ||
| 245 | 1 | 0 | |a Agrarökologie / |c Wolfgang Tischler. |
| 260 | |a Jena : |b Fischer, |c 1965. | ||
| 300 | |a 499 p. : |b il., mapas ; |c 25 cm. | ||
| 504 | |a Bibliografía: p. [376]-458. | ||
| 100 | 1 | |a Tischler, Wolfgang, |d 1912-2007. | |
| 082 | 0 | 4 | |a 630.2745 |
| 859 | |a AR-BbBCA |b BIB. AGRONOMIA |h 630.2745 |i T612 |p 1965/0257 | ||
